| 000 | 00785nam a2200241 a 4500 | ||
|---|---|---|---|
| 005 | 20210223124520.0 | ||
| 008 | 011122s1999 ea r 000 0 eng d | ||
| 020 | _a8894441200 | ||
| 035 | _aUPN01000114066 | ||
| 049 | _aCE | ||
| 050 | 4 |
_aTT360 A6 _bB4.73 |
|
| 245 | 0 | 4 |
_aThe best informational diagrams / _ced. Hiroko Kondo ; desigener Kyoko Nomurac ; tr. Duglas Allsopp. |
| 260 |
_aTokyo : _bP.I.E. Books, _c1999. |
||
| 300 |
_a216 p. : _bil. col. |
||
| 440 | 0 | _aP.I.B. collection | |
| 500 | _aTexto en inglés y en japonés | ||
| 650 | 4 |
_aDIAGRAMA Y TIPOGRAFIA PUBLICITARIOS _915915 |
|
| 650 | 4 |
_aDIAGRAMAS FUNCIONALES _915916 |
|
| 650 | 4 | _aINGIENIERIA (GRAFICOS) | |
| 650 | 4 |
_aESTADISTICA - _vCUADROS, TABLAS, ETC. _913936 |
|
| 700 | 1 |
_aHiroko, Kondo, _eed. |
|
| 905 | _aLibro | ||
| 999 |
_c87974 _d87974 |
||